| 000 | 01017nas a2200337 4500 | ||
|---|---|---|---|
| 001 | BR2013004276 | ||
| 003 | BR-BrBNA | ||
| 005 | 20231205122416.0 | ||
| 007 | ta | ||
| 008 | 230509b bl.|||p| |||| 00| 00por d | ||
| 040 |
_aBR-BrBNA _bpor _cBiblioteca Nacional de Agricultura |
||
| 041 | _a(Pt) | ||
| 072 | _aL01 | ||
| 100 | 1 | _aEspigolan, R. | |
| 100 | 1 | _aBaldi, F. | |
| 100 | 1 | _aBoligon, A.A. | |
| 100 | 1 | _aBanchero, G. | |
| 100 | 1 | _aBrito, G. | |
| 100 | 1 | _aManna, A.L. | |
| 100 | 1 | _aMontossi, F. | |
| 100 | 1 | _aFernandez, E. | |
| 100 | 1 | _aAlbuquerque, L.G. de | |
| 245 | 1 | _aAplicação de modelos não-lineares para descrever a evolução de características de crescimento e carcaça em bovinos da raça Hereford | |
| 650 | _aGADO DE CORTE | ||
| 650 | _aCURVA DE CRESCIMENTO | ||
| 650 | _aCARCAÇA | ||
| 650 | _aPESO | ||
| 773 | 0 |
_tCiência Rural (Brazil) _xISSN 0103-8478 _g(Mar 2013), v. 43(3) p. 513-519 _wBR2013004276 |
|
| 909 |
_a202311 _bLúcia _c55 _dLúcia Elande |
||
| 942 |
_2AGRIS _n0 _cANA |
||
| 999 |
_c228505 _d228505 |
||